Statistics for Fictional Characters by Country #3

Click here to take the quiz!

General Stats

  • This quiz has been taken 109 times
  • The average score is 9 of 21

Answer Stats

CharacterCountry% Correct
PinocchioItaly
91%
Ferdinand the BullSpain
83%
SimbaKenya
77%
Speedy GonzalesMexico
76%
TintinBelgium
68%
Ali GUnited Kingdom
54%
Arsène LupinFrance
50%
Master SplinterJapan
50%
Ichabod CraneUnited States
50%
ScheherazadeIran
47%
Hägar the HorribleNorway
47%
Abraham Van HelsingNetherlands
46%
King Julien XIIIMadagascar
27%
Niko BellicSerbia
24%
OthelloMorocco
22%
Captain NemoIndia
14%
Gustavo FringChile
13%
EnkiduIraq
11%
Mr. SmeeIreland
11%
Dr. Hannibal LecterLithuania
6%
Zorba the GreekRomania
6%

Score Distribution

Percentile by Number Answered

Percent of People with Each Score

Your Score History

You have not taken this quiz